[Event "World Youth & Cadets Rapid Championships"]
[Site "Rhodes, Greece"]
[Date "2022.05.01"]
[Round "9.29"]
[White "Tamiolakis, Grigorios"]
[Black "Jakhria, Kushal"]
[Result "0-1"]
[TimeControl "10'/game & 5\"/move"]
[WhiteElo "1187"]
[BlackElo "1367"]

1. d4 {[%clk 00:10:09]} {[%emt 00:00:01]} Nf6 {[%clk 00:10:07]} {[%emt
00:00:03]} 2. c4 {[%clk 00:10:12]} {[%emt 00:00:02]} g6 {[%clk 00:10:10]}
{[%emt 00:00:01]} 3. Nc3 {[%clk 00:10:15]} {[%emt 00:00:04]} d5 {[%clk
00:10:14]} {[%emt 00:00:01]} 4. cxd5 {[%clk 00:10:15]} {[%emt 00:00:05]} Nxd5
{[%clk 00:10:18]} {[%emt 00:00:01]} 5. Nf3 {[%clk 00:10:16]} {[%emt 00:00:04]}
Bg7 {[%clk 00:10:19]} {[%emt 00:00:04]} 6. Bg5 {[%clk 00:09:47]} {[%emt
00:00:32]} O-O {[%clk 00:10:19]} {[%emt 00:00:06]} 7. e3 {[%clk 00:09:50]}
{[%emt 00:00:03]} c5 {[%clk 00:10:18]} {[%emt 00:00:05]} 8. dxc5 {[%clk
00:09:48]} {[%emt 00:00:07]} Nxc3 {[%clk 00:10:21]} {[%emt 00:00:02]} 9. Qxd8
{[%clk 00:09:33]} {[%emt 00:00:20]} Rxd8 {[%clk 00:10:25]} {[%emt 00:00:01]} 10.
Bxe7 {[%clk 00:09:09]} {[%emt 00:00:29]} Re8 {[%clk 00:10:29]} 11. Bd6 {[%clk
00:08:54]} {[%emt 00:00:20]} Ne4 {[%clk 00:10:32]} {[%emt 00:00:02]} 12. Bb5
{[%clk 00:08:50]} {[%emt 00:00:09]} Nd7 {[%clk 00:10:33]} {[%emt 00:00:04]} 13.
Rb1 {[%clk 00:08:20]} {[%emt 00:00:36]} Nxd6 {[%clk 00:10:14]} {[%emt
00:00:23]} 14. cxd6 {[%clk 00:08:22]} {[%emt 00:00:02]} Re6 {[%clk 00:10:17]}
{[%emt 00:00:03]} 15. Bxd7 {[%clk 00:08:13]} {[%emt 00:00:13]} Bxd7 {[%clk
00:10:22]} 16. O-O {[%clk 00:07:53]} {[%emt 00:00:25]} Rxd6 {[%clk 00:10:21]}
{[%emt 00:00:05]} 17. Rfd1 {[%clk 00:07:55]} {[%emt 00:00:04]} Rxd1+ {[%clk
00:10:24]} {[%emt 00:00:02]} 18. Rxd1 {[%clk 00:07:58]} {[%emt 00:00:01]} Be6
{[%clk 00:10:28]} {[%emt 00:00:02]} 19. b3 {[%clk 00:07:59]} {[%emt 00:00:04]}
Bf6 {[%clk 00:10:20]} {[%emt 00:00:12]} 20. h3 {[%clk 00:08:00]} {[%emt
00:00:05]} a5 {[%clk 00:10:21]} {[%emt 00:00:04]} 21. Kh2 {[%clk 00:07:37]}
{[%emt 00:00:29]} a4 {[%clk 00:10:25]} 22. bxa4 {[%clk 00:07:19]} {[%emt
00:00:22]} Rxa4 {[%clk 00:10:24]} {[%emt 00:00:06]} 23. Rb1 {[%clk 00:07:04]}
{[%emt 00:00:20]} Rxa2 {[%clk 00:10:19]} {[%emt 00:00:09]} 24. Rxb7 {[%clk
00:07:06]} {[%emt 00:00:03]} Rxf2 {[%clk 00:10:21]} {[%emt 00:00:03]} 25. Rb8+
{[%clk 00:07:05]} {[%emt 00:00:08]} Kg7 {[%clk 00:10:23]} {[%emt 00:00:03]} 26.
Kg3 {[%clk 00:06:35]} {[%emt 00:00:35]} Rf1 {[%clk 00:10:20]} {[%emt 00:00:08]}
27. e4 {[%clk 00:06:18]} {[%emt 00:00:22]} Bc4 {[%clk 00:10:04]} {[%emt
00:00:20]} 28. e5 {[%clk 00:06:14]} {[%emt 00:00:08]} Be7 {[%clk 00:09:58]}
{[%emt 00:00:12]} 29. Rc8 {[%clk 00:06:11]} {[%emt 00:00:08]} Be2 {[%clk
00:09:56]} {[%emt 00:00:07]} 30. Re8 {[%clk 00:06:12]} {[%emt 00:00:05]} Bxf3
{[%clk 00:09:55]} {[%emt 00:00:05]} 31. gxf3 {[%clk 00:06:06]} {[%emt
00:00:12]} Bc5 {[%clk 00:09:55]} {[%emt 00:00:05]} 32. e6 {[%clk 00:05:47]}
{[%emt 00:00:25]} fxe6 {[%clk 00:09:40]} {[%emt 00:00:19]} 33. Rxe6 {[%clk
00:05:49]} {[%emt 00:00:03]} Rg1+ {[%clk 00:09:39]} {[%emt 00:00:06]} 34. Kh2
{[%clk 00:05:19]} {[%emt 00:00:34]} Rg5 {[%clk 00:09:37]} {[%emt 00:00:06]} 35.
Rc6 {[%clk 00:05:14]} {[%emt 00:00:11]} Be3 {[%clk 00:09:32]} {[%emt 00:00:11]}
36. Rc7+ {[%clk 00:05:16]} {[%emt 00:00:04]} Kh6 {[%clk 00:09:34]} {[%emt
00:00:02]} 37. Rc4 {[%clk 00:05:10]} {[%emt 00:00:10]} Bb6 {[%clk 00:09:27]}
{[%emt 00:00:13]} 38. Rh4+ {[%clk 00:05:11]} {[%emt 00:00:04]} Kg7 {[%clk
00:09:28]} {[%emt 00:00:04]} 39. Rb4 {[%clk 00:04:56]} {[%emt 00:00:20]} Bc7+
{[%clk 00:09:30]} {[%emt 00:00:03]} 40. Kh1 {[%clk 00:04:59]} {[%emt 00:00:02]}
Rc5 {[%clk 00:09:32]} {[%emt 00:00:03]} 41. Rb7 {[%clk 00:04:58]} {[%emt
00:00:06]} h5 {[%clk 00:09:33]} {[%emt 00:00:04]} 42. Kg2 {[%clk 00:04:56]}
{[%emt 00:00:06]} Kf6 {[%clk 00:09:37]} {[%emt 00:00:02]} 43. Rb3 {[%clk
00:04:56]} {[%emt 00:00:06]} Rc2+ {[%clk 00:09:39]} {[%emt 00:00:02]} 44. Kg1
{[%clk 00:04:41]} {[%emt 00:00:19]} Kg5 {[%clk 00:09:41]} {[%emt 00:00:03]} 45.
Rb5+ {[%clk 00:04:39]} {[%emt 00:00:08]} Kh4 {[%clk 00:09:42]} {[%emt
00:00:04]} 46. Rb1 {[%clk 00:03:34]} {[%emt 00:01:11]} Kxh3 {[%clk 00:09:41]}
{[%emt 00:00:04]} 47. Rf1 {[%clk 00:03:34]} {[%emt 00:00:04]} Bb6+ {[%clk
00:09:43]} {[%emt 00:00:04]} 0-1

[Event "World Youth & Cadets Rapid Championships"]
[Site "Rhodes, Greece"]
[Date "2022.05.01"]
[Round "9.30"]
[White "Zhauynbay, Alimzhan"]
[Black "Kukushkin, Ivan"]
[Result "0-1"]
[TimeControl "10'/game & 5\"/move"]
[WhiteElo "1172"]
[BlackElo "1086"]

1. e4 {[%clk 00:10:09]} c5 {[%clk 00:10:09]} {[%emt 00:00:02]} 2. Nf3 {[%clk
00:10:12]} {[%emt 00:00:02]} Nc6 {[%clk 00:10:13]} {[%emt 00:00:01]} 3. d4
{[%clk 00:10:16]} cxd4 {[%clk 00:10:16]} {[%emt 00:00:02]} 4. Nxd4 {[%clk
00:10:17]} {[%emt 00:00:03]} e5 {[%clk 00:10:17]} {[%emt 00:00:04]} 5. Nb5
{[%clk 00:10:19]} {[%emt 00:00:03]} a6 {[%clk 00:10:21]} {[%emt 00:00:01]} 6.
Nd6+ {[%clk 00:10:21]} {[%emt 00:00:03]} Bxd6 {[%clk 00:10:24]} {[%emt
00:00:02]} 7. Qxd6 {[%clk 00:10:24]} {[%emt 00:00:03]} Qe7 {[%clk 00:10:28]} 8.
Qxe7+ {[%clk 00:10:23]} {[%emt 00:00:05]} Ngxe7 {[%clk 00:10:30]} {[%emt
00:00:04]} 9. Nc3 {[%clk 00:10:23]} {[%emt 00:00:05]} d5 {[%clk 00:10:32]}
{[%emt 00:00:02]} 10. exd5 {[%clk 00:10:24]} {[%emt 00:00:05]} Nb4 {[%clk
00:10:35]} {[%emt 00:00:02]} 11. Bd3 {[%clk 00:10:06]} {[%emt 00:00:22]} Nexd5
{[%clk 00:10:34]} {[%emt 00:00:05]} 12. Ne4 {[%clk 00:09:52]} {[%emt 00:00:20]}
Nxd3+ {[%clk 00:10:34]} {[%emt 00:00:05]} 13. cxd3 {[%clk 00:09:52]} {[%emt
00:00:06]} O-O {[%clk 00:10:33]} {[%emt 00:00:06]} 14. a3 {[%clk 00:09:35]}
{[%emt 00:00:22]} Be6 {[%clk 00:10:25]} {[%emt 00:00:12]} 15. b4 {[%clk
00:09:27]} {[%emt 00:00:14]} Rad8 {[%clk 00:10:22]} {[%emt 00:00:07]} 16. Bb2
{[%clk 00:09:22]} {[%emt 00:00:11]} Nf4 {[%clk 00:10:19]} {[%emt 00:00:08]} 17.
Nc5 {[%clk 00:08:37]} {[%emt 00:00:50]} b6 {[%clk 00:10:00]} {[%emt 00:00:24]}
18. Bxe5 {[%clk 00:08:36]} {[%emt 00:00:05]} Nxg2+ {[%clk 00:09:35]} {[%emt
00:00:30]} 19. Kf1 {[%clk 00:08:33]} {[%emt 00:00:09]} Bh3 {[%clk 00:09:34]}
{[%emt 00:00:05]} 20. Bc7 {[%clk 00:08:04]} {[%emt 00:00:35]} Nf4+ {[%clk
00:09:18]} {[%emt 00:00:20]} 21. Ke1 {[%clk 00:07:54]} {[%emt 00:00:16]} Nxd3+
{[%clk 00:09:09]} {[%emt 00:00:13]} 22. Nxd3 {[%clk 00:07:48]} {[%emt
00:00:12]} Rxd3 {[%clk 00:09:10]} {[%emt 00:00:03]} 23. Bxb6 {[%clk 00:07:49]}
{[%emt 00:00:04]} Re8+ {[%clk 00:09:11]} {[%emt 00:00:05]} 24. Be3 {[%clk
00:07:49]} {[%emt 00:00:05]} Bg4 {[%clk 00:09:12]} {[%emt 00:00:03]} 25. Rg1
{[%clk 00:07:30]} {[%emt 00:00:25]} Bh5 {[%clk 00:09:13]} {[%emt 00:00:03]} 26.
Rg3 {[%clk 00:07:04]} {[%emt 00:00:32]} Red8 {[%clk 00:09:14]} {[%emt
00:00:04]} 27. Kf1 {[%clk 00:07:03]} {[%emt 00:00:05]} f5 {[%clk 00:09:01]}
{[%emt 00:00:18]} 28. Kg2 {[%clk 00:06:49]} {[%emt 00:00:19]} h6 {[%clk
00:08:37]} {[%emt 00:00:29]} 29. Bb6 {[%clk 00:06:46]} {[%emt 00:00:07]} Rxg3+
{[%clk 00:08:36]} {[%emt 00:00:06]} 30. hxg3 {[%clk 00:06:45]} {[%emt
00:00:07]} Rd3 {[%clk 00:08:39]} {[%emt 00:00:02]} 31. a4 {[%clk 00:06:42]}
{[%emt 00:00:09]} Bf3+ {[%clk 00:08:28]} {[%emt 00:00:15]} 32. Kf1 {[%clk
00:06:44]} {[%emt 00:00:02]} Rb3 {[%clk 00:08:10]} {[%emt 00:00:24]} 33. Bc5
{[%clk 00:06:39]} {[%emt 00:00:10]} g5 {[%clk 00:08:02]} {[%emt 00:00:13]} 34.
Ke1 {[%clk 00:06:27]} {[%emt 00:00:16]} Kf7 {[%clk 00:07:54]} {[%emt 00:00:14]}
35. Kd2 {[%clk 00:06:30]} {[%emt 00:00:02]} Rb2+ {[%clk 00:07:51]} {[%emt
00:00:08]} 36. Kc3 {[%clk 00:06:32]} {[%emt 00:00:04]} Re2 {[%clk 00:07:48]}
{[%emt 00:00:07]} 37. b5 {[%emt 00:00:16]} a5 {[%clk 00:07:43]} 38. Bb6 {[%clk
00:06:33]} {[%emt 00:00:04]} Ke6 {[%clk 00:07:40]} {[%emt 00:00:07]} 39. Bxa5
{[%clk 00:06:33]} {[%emt 00:00:06]} Rxf2 {[%clk 00:07:41]} {[%emt 00:00:03]} 40.
Re1+ {[%clk 00:06:30]} {[%emt 00:00:08]} Kd5 {[%clk 00:07:43]} {[%emt
00:00:02]} 41. Bc7 {[%clk 00:06:25]} {[%emt 00:00:11]} Be4 {[%clk 00:07:41]}
{[%emt 00:00:06]} 42. Rd1+ {[%clk 00:06:27]} {[%emt 00:00:04]} Ke6 {[%emt
00:00:18]} 43. Rd6+ {[%clk 00:06:30]} Ke7 {[%clk 00:07:33]} 44. Kb4 {[%clk
00:06:14]} {[%emt 00:00:20]} Rc2 {[%clk 00:07:27]} {[%emt 00:00:11]} 45. b6
{[%clk 00:06:12]} {[%emt 00:00:08]} h5 {[%clk 00:07:20]} {[%emt 00:00:12]} 46.
Rh6 {[%clk 00:06:12]} {[%emt 00:00:05]} Rb2+ {[%clk 00:06:53]} {[%emt
00:00:28]} 47. Ka5 {[%clk 00:06:15]} {[%emt 00:00:06]} Bf3 {[%clk 00:06:37]}
{[%emt 00:00:21]} 48. Rg6 {[%emt 00:00:39]} h4 {[%clk 00:06:12]} 49. Rxg5
{[%clk 00:05:54]} {[%emt 00:00:22]} h3 {[%clk 00:06:12]} {[%emt 00:00:04]} 50.
Rxf5 {[%clk 00:05:57]} {[%emt 00:00:03]} h2 {[%clk 00:06:10]} {[%emt 00:00:06]}
51. Re5+ {[%clk 00:05:58]} {[%emt 00:00:04]} Kf6 {[%clk 00:06:09]} {[%emt
00:00:06]} 52. Re1 {[%clk 00:05:45]} {[%emt 00:00:19]} Re2 {[%clk 00:05:50]}
{[%emt 00:00:23]} 53. Rxe2 {[%clk 00:05:11]} {[%emt 00:00:40]} h1=Q {[%clk
00:05:45]} {[%emt 00:00:10]} 54. Bd8+ {[%clk 00:05:07]} {[%emt 00:00:09]} Kf7
{[%clk 00:05:43]} {[%emt 00:00:05]} 55. Re5 {[%clk 00:04:59]} {[%emt 00:00:13]}
Qg2 {[%clk 00:05:33]} {[%emt 00:00:16]} 56. Rf5+ {[%clk 00:04:46]} {[%emt
00:00:19]} Ke8 {[%clk 00:05:31]} {[%emt 00:00:05]} 57. Bc7 {[%clk 00:04:27]}
{[%emt 00:00:26]} Qd2+ {[%clk 00:05:27]} {[%emt 00:00:08]} 58. Ka6 {[%clk
00:04:31]} {[%emt 00:00:01]} Qd3+ {[%clk 00:05:28]} {[%emt 00:00:04]} 59. Rb5
{[%clk 00:04:35]} {[%emt 00:00:02]} Bc6 {[%clk 00:05:31]} {[%emt 00:00:01]} 60.
b7 {[%clk 00:04:30]} {[%emt 00:00:11]} Bxb7+ {[%clk 00:05:09]} {[%emt
00:00:27]} 61. Kxb7 {[%clk 00:04:32]} {[%emt 00:00:03]} Qa3 {[%clk 00:05:00]}
{[%emt 00:00:11]} 62. a5 {[%clk 00:04:31]} {[%emt 00:00:08]} Qf3+ {[%clk
00:05:00]} {[%emt 00:00:06]} 63. Kb8 {[%clk 00:04:32]} {[%emt 00:00:03]} Kd7
{[%clk 00:04:59]} {[%emt 00:00:06]} 64. Rb7 {[%clk 00:04:14]} {[%emt 00:00:24]}
Qf8+ {[%clk 00:04:35]} {[%emt 00:00:29]} 65. Ka7 {[%clk 00:04:18]} {[%emt
00:00:01]} Kc6 {[%clk 00:04:35]} {[%emt 00:00:05]} 66. a6 {[%clk 00:04:00]}
{[%emt 00:00:23]} Qc8 {[%clk 00:04:29]} {[%emt 00:00:10]} 67. Bf4 {[%clk
00:03:55]} {[%emt 00:00:09]} Qf8 {[%clk 00:04:14]} {[%emt 00:00:20]} 68. Rc7+
{[%clk 00:03:56]} {[%emt 00:00:06]} Kb5 {[%clk 00:04:15]} {[%emt 00:00:03]} 69.
Kb7 {[%clk 00:03:55]} {[%emt 00:00:06]} Qf5 {[%clk 00:04:07]} {[%emt 00:00:14]}
70. a7 {[%clk 00:03:31]} {[%emt 00:00:29]} Qd5+ {[%clk 00:04:09]} {[%emt
00:00:02]} 71. Kb8 {[%clk 00:03:35]} {[%emt 00:00:02]} Qd8+ {[%clk 00:03:57]}
{[%emt 00:00:16]} 72. Rc8 {[%clk 00:03:29]} {[%emt 00:00:12]} Qb6+ {[%clk
00:04:00]} 73. Ka8 {[%clk 00:03:33]} {[%emt 00:00:01]} Qe6 {[%clk 00:03:55]}
{[%emt 00:00:07]} 74. Rb8+ {[%clk 00:03:32]} {[%emt 00:00:10]} Ka6 {[%clk
00:03:57]} {[%emt 00:00:03]} 75. Rb2 {[%clk 00:02:56]} {[%emt 00:00:39]} Qf7
{[%clk 00:03:44]} {[%emt 00:00:18]} 76. Kb8 {[%clk 00:02:26]} {[%emt 00:00:36]}
Qxa7+ {[%clk 00:03:34]} {[%emt 00:00:14]} 77. Kc8 {[%clk 00:02:31]} Qa8+ {[%clk
00:03:36]} {[%emt 00:00:05]} 78. Kc7 {[%clk 00:02:26]} {[%emt 00:00:09]} Qa7+
{[%clk 00:03:30]} {[%emt 00:00:11]} 79. Kc8 {[%clk 00:02:19]} {[%emt 00:00:12]}
Qc5+ {[%clk 00:03:32]} {[%emt 00:00:04]} 80. Bc7 {[%clk 00:02:00]} {[%emt
00:00:24]} Qf8+ {[%clk 00:03:30]} {[%emt 00:00:05]} 81. Bd8 {[%clk 00:01:58]}
{[%emt 00:00:09]} Qf5+ {[%clk 00:03:32]} {[%emt 00:00:02]} 82. Kc7 {[%clk
00:01:22]} {[%emt 00:00:42]} Qe5+ {[%clk 00:03:35]} {[%emt 00:00:01]} 83. Kc6
{[%clk 00:01:26]} {[%emt 00:00:02]} Qxb2 {[%clk 00:03:37]} {[%emt 00:00:02]} 84.
Bh4 {[%clk 00:01:30]} {[%emt 00:00:02]} Qc3 {[%clk 00:03:40]} {[%emt 00:00:02]}
85. Kd6 {[%clk 00:01:34]} {[%emt 00:00:01]} Kb6 {[%clk 00:03:42]} {[%emt
00:00:02]} 86. Bd8+ {[%clk 00:01:37]} {[%emt 00:00:02]} Kb7 {[%clk 00:03:45]}
{[%emt 00:00:03]} 87. Bh4 {[%clk 00:01:41]} {[%emt 00:00:01]} Qd4+ {[%clk
00:03:48]} {[%emt 00:00:02]} 88. Ke6 {[%clk 00:01:44]} {[%emt 00:00:01]} Kc6
{[%clk 00:03:51]} {[%emt 00:00:02]} 89. Kf5 {[%clk 00:01:48]} {[%emt 00:00:01]}
Kd5 {[%clk 00:03:53]} {[%emt 00:00:04]} 90. Bf6 {[%clk 00:01:46]} {[%emt
00:00:07]} Qd3 {[%clk 00:03:56]} {[%emt 00:00:01]} 91. Kg4 {[%clk 00:01:46]}
{[%emt 00:00:02]} Ke6 {[%clk 00:03:59]} {[%emt 00:00:05]} 92. Bg5 {[%clk
00:01:49]} {[%emt 00:00:02]} Qf5+ {[%clk 00:04:02]} {[%emt 00:00:02]} 93. Kh5
{[%clk 00:01:52]} Kf7 {[%clk 00:03:55]} {[%emt 00:00:14]} 94. g4 {[%clk
00:01:51]} {[%emt 00:00:06]} Qh7+ {[%clk 00:03:56]} {[%emt 00:00:04]} 95. Bh6
{[%clk 00:01:55]} {[%emt 00:00:02]} Qg6+ {[%clk 00:03:59]} {[%emt 00:00:01]} 96.
Kh4 {[%clk 00:01:56]} {[%emt 00:00:04]} Qxh6+ {[%clk 00:04:02]} {[%emt
00:00:02]} 97. Kg3 {[%clk 00:01:59]} {[%emt 00:00:02]} Kf6 {[%clk 00:04:06]}
{[%emt 00:00:01]} 98. Kf3 {[%clk 00:02:03]} Qg5 {[%clk 00:04:09]} {[%emt
00:00:02]} 99. Kg3 {[%clk 00:02:08]} Ke5 {[%clk 00:04:13]} 100. Kf3 {[%clk
00:02:12]} {[%emt 00:00:01]} Kd4 {[%clk 00:04:17]} 101. Kg3 {[%clk 00:02:16]}
Ke3 {[%clk 00:04:21]} {[%emt 00:00:02]} 102. Kg2 {[%clk 00:02:16]} {[%emt
00:00:03]} Qxg4+ {[%clk 00:04:25]} {[%emt 00:00:02]} 103. Kf1 {[%clk 00:02:21]}
Qh3+ {[%clk 00:04:23]} {[%emt 00:00:06]} 104. Kg1 {[%clk 00:02:24]} {[%emt
00:00:02]} Qg3+ {[%clk 00:04:26]} {[%emt 00:00:02]} 105. Kh1 {[%clk 00:02:28]}
{[%emt 00:00:01]} Qg8 {[%clk 00:04:29]} {[%emt 00:00:02]} 106. Kh2 {[%clk
00:02:32]} Kf2 {[%clk 00:04:33]} 107. Kh1 {[%clk 00:02:36]} {[%emt 00:00:02]}
Qh8+ {[%clk 00:04:35]} {[%emt 00:00:04]} 0-1

[Event "World Youth & Cadets Rapid Championships"]
[Site "Rhodes, Greece"]
[Date "2022.05.01"]
[Round "9.31"]
[White "Choksy, Anaisha"]
[Black "Hryzlova, Sofiia"]
[Result "0-1"]
[TimeControl "10'/game & 5\"/move"]
[WhiteElo "1228"]
[BlackElo "2011"]

1. d4 {[%clk 00:10:07]} {[%emt 00:00:03]} Nf6 {[%clk 00:10:09]} {[%emt
00:00:03]} 2. c4 {[%clk 00:10:10]} {[%emt 00:00:01]} e6 {[%clk 00:10:11]}
{[%emt 00:00:03]} 3. Nf3 {[%clk 00:10:12]} {[%emt 00:00:02]} c5 {[%clk
00:09:59]} {[%emt 00:00:18]} 4. d5 {[%clk 00:10:09]} {[%emt 00:00:08]} exd5
{[%clk 00:10:02]} {[%emt 00:00:03]} 5. cxd5 {[%clk 00:10:11]} {[%emt 00:00:02]}
g6 {[%clk 00:10:03]} {[%emt 00:00:03]} 6. Nc3 {[%clk 00:10:14]} {[%emt
00:00:03]} d6 {[%clk 00:10:06]} {[%emt 00:00:02]} 7. e4 {[%clk 00:10:16]}
{[%emt 00:00:02]} Bg7 {[%clk 00:10:10]} {[%emt 00:00:02]} 8. Be2 {[%clk
00:10:11]} {[%emt 00:00:10]} O-O {[%clk 00:10:11]} {[%emt 00:00:05]} 9. O-O
{[%clk 00:10:12]} {[%emt 00:00:03]} Re8 {[%clk 00:10:08]} {[%emt 00:00:09]} 10.
Qc2 {[%clk 00:09:59]} {[%emt 00:00:17]} Nbd7 {[%clk 00:09:56]} {[%emt
00:00:16]} 11. a3 {[%clk 00:09:06]} {[%emt 00:00:59]} a6 {[%clk 00:09:54]}
{[%emt 00:00:07]} 12. a4 {[%clk 00:08:47]} {[%emt 00:00:24]} Qc7 {[%clk
00:09:51]} {[%emt 00:00:08]} 13. Nd2 {[%clk 00:08:45]} {[%emt 00:00:07]} Rb8
{[%clk 00:09:11]} {[%emt 00:00:46]} 14. Rb1 {[%clk 00:08:46]} {[%emt 00:00:03]}
Ne5 {[%clk 00:08:27]} {[%emt 00:00:50]} 15. b4 {[%clk 00:08:04]} {[%emt
00:00:47]} cxb4 {[%clk 00:07:46]} {[%emt 00:00:46]} 16. Rxb4 {[%clk 00:08:05]}
{[%emt 00:00:02]} Bd7 {[%clk 00:07:49]} {[%emt 00:00:02]} 17. Ba3 {[%clk
00:05:20]} {[%emt 00:02:50]} h5 {[%clk 00:05:27]} {[%emt 00:02:27]} 18. Nf3
{[%clk 00:04:08]} {[%emt 00:01:17]} Nxf3+ {[%clk 00:05:08]} {[%emt 00:00:25]}
19. Bxf3 {[%clk 00:04:11]} {[%emt 00:00:01]} Nxd5 {[%clk 00:04:11]} {[%emt
00:01:03]} 20. exd5 {[%clk 00:04:06]} {[%emt 00:00:10]} Qxc3 {[%clk 00:04:12]}
{[%emt 00:00:04]} 21. Qxc3 {[%clk 00:03:33]} {[%emt 00:00:38]} Bxc3 {[%clk
00:04:15]} {[%emt 00:00:03]} 22. Rb6 {[%clk 00:03:35]} {[%emt 00:00:02]} Bd4
{[%clk 00:03:52]} {[%emt 00:00:28]} 23. Rxd6 {[%clk 00:03:29]} {[%emt
00:00:11]} Bxa4 {[%clk 00:03:54]} {[%emt 00:00:03]} 24. g3 {[%clk 00:03:17]}
{[%emt 00:00:16]} Rbc8 {[%clk 00:03:43]} {[%emt 00:00:16]} 25. Kg2 {[%clk
00:02:43]} {[%emt 00:00:39]} Bb5 {[%clk 00:02:25]} {[%emt 00:01:23]} 26. Rd1
{[%clk 00:02:12]} {[%emt 00:00:36]} Ba7 {[%clk 00:02:28]} {[%emt 00:00:04]} 27.
Rf6 {[%clk 00:01:58]} {[%emt 00:00:17]} Rc2 {[%clk 00:02:16]} {[%emt 00:00:17]}
28. d6 {[%clk 00:00:48]} {[%emt 00:01:16]} Rxf2+ {[%clk 00:02:16]} {[%emt
00:00:05]} 29. Kh1 {[%clk 00:00:40]} {[%emt 00:00:13]} Rxf3 {[%clk 00:01:45]}
{[%emt 00:00:36]} 30. Rf5 {[%emt 00:00:03]} Rf4 31. Rxf4 {[%clk 00:00:42]} Bc6+
{[%clk 00:01:48]} {[%emt 00:00:02]} 32. Rf3 {[%clk 00:00:15]} Re1+ {[%clk
00:00:25]} {[%emt 00:01:59]} 33. Rdd3 {[%clk 00:00:18]} Rg1# {[%clk 00:00:26]}
{[%emt 00:00:06]} 34. Kg2 {[%clk 00:00:22]} Bxf3+ {[%clk 00:00:25]} {[%emt
00:00:08]} 35. Kh3 {[%clk 00:00:16]} Rd1 {[%clk 00:00:29]} 36. Rxf3 {[%clk
00:00:12]} Bb6 {[%clk 00:00:11]} {[%emt 00:00:31]} 37. Rb3 {[%clk 00:00:10]}
{[%emt 00:00:07]} Bg1 {[%clk 00:00:12]} {[%emt 00:00:05]} 38. Rb2 {[%clk
00:00:08]} {[%emt 00:00:07]} b5 {[%clk 00:00:13]} {[%emt 00:00:03]} 39. Rc2
{[%clk 00:00:08]} {[%emt 00:00:05]} g5 {[%clk 00:00:16]} {[%emt 00:00:02]} 40.
Rc8+ {[%clk 00:00:12]} {[%emt 00:00:02]} Kh7 {[%clk 00:00:19]} {[%emt
00:00:01]} 41. Rc2 {[%clk 00:00:09]} {[%emt 00:00:07]} Kg6 {[%emt 00:00:06]} 42.
Bb4 {[%clk 00:00:12]} Be3 {[%clk 00:00:19]} {[%emt 00:00:07]} 43. Rc6 {[%clk
00:00:08]} {[%emt 00:00:09]} g4+ {[%clk 00:00:23]} {[%emt 00:00:01]} 44. Kh4
{[%clk 00:00:09]} {[%emt 00:00:04]} Bg5# {[%emt 00:00:13]} 0-1

[Event "World Youth & Cadets Rapid Championships"]
[Site "Rhodes, Greece"]
[Date "2022.05.01"]
[Round "9.32"]
[White "Czarnecka, Lidia"]
[Black "Krzyzosiak, Anna"]
[Result "1-0"]
[TimeControl "10'/game & 5\"/move"]
[WhiteElo "1917"]
[BlackElo "1538"]

1. e4 {[%clk 00:10:09]} {[%emt 00:00:01]} c5 {[%clk 00:10:09]} {[%emt
00:00:01]} 2. Nf3 {[%clk 00:10:13]} d6 {[%clk 00:10:13]} {[%emt 00:00:01]} 3.
d4 {[%clk 00:10:17]} cxd4 {[%clk 00:10:17]} {[%emt 00:00:02]} 4. Nxd4 {[%clk
00:10:21]} Nf6 {[%clk 00:10:21]} {[%emt 00:00:02]} 5. Nc3 {[%clk 00:10:25]}
{[%emt 00:00:01]} a6 {[%clk 00:10:25]} {[%emt 00:00:01]} 6. Bc4 {[%clk
00:10:29]} {[%emt 00:00:01]} e6 {[%clk 00:10:24]} {[%emt 00:00:06]} 7. Bb3
{[%clk 00:10:33]} {[%emt 00:00:01]} Be7 {[%clk 00:10:26]} {[%emt 00:00:03]} 8.
g4 {[%clk 00:10:37]} b5 {[%clk 00:10:06]} {[%emt 00:00:26]} 9. g5 {[%clk
00:10:30]} {[%emt 00:00:12]} Ng8 {[%clk 00:09:21]} {[%emt 00:00:51]} 10. Rg1
{[%clk 00:10:24]} {[%emt 00:00:10]} Qc7 {[%clk 00:09:00]} {[%emt 00:00:26]} 11.
Be3 {[%clk 00:10:20]} {[%emt 00:00:09]} Nc6 {[%clk 00:08:53]} {[%emt 00:00:12]}
12. Qd2 {[%clk 00:10:01]} {[%emt 00:00:24]} Ne5 {[%clk 00:08:19]} {[%emt
00:00:39]} 13. O-O-O {[%clk 00:09:52]} {[%emt 00:00:14]} Nc4 {[%clk 00:08:04]}
{[%emt 00:00:20]} 14. Bxc4 {[%clk 00:09:56]} {[%emt 00:00:01]} Qxc4 {[%clk
00:07:47]} {[%emt 00:00:23]} 15. Kb1 {[%clk 00:09:55]} {[%emt 00:00:05]} Bb7
{[%clk 00:07:45]} {[%emt 00:00:08]} 16. f3 {[%clk 00:09:51]} {[%emt 00:00:08]}
Rc8 {[%clk 00:07:43]} {[%emt 00:00:07]} 17. h4 {[%clk 00:09:50]} {[%emt
00:00:05]} d5 {[%clk 00:05:46]} {[%emt 00:02:03]} 18. exd5 {[%clk 00:08:49]}
{[%emt 00:01:05]} Bxd5 {[%clk 00:05:46]} {[%emt 00:00:06]} 19. Nxd5 {[%clk
00:08:37]} {[%emt 00:00:17]} Qxd5 {[%clk 00:05:48]} {[%emt 00:00:03]} 20. Qf2
{[%clk 00:08:39]} {[%emt 00:00:03]} Qc4 {[%clk 00:05:29]} {[%emt 00:00:24]} 21.
f4 {[%clk 00:08:35]} {[%emt 00:00:08]} Bd8 {[%clk 00:03:25]} {[%emt 00:02:10]}
22. f5 {[%clk 00:08:12]} {[%emt 00:00:28]} exf5 {[%clk 00:03:01]} {[%emt
00:00:29]} 23. Nxf5 {[%clk 00:08:11]} {[%emt 00:00:06]} Be7 {[%clk 00:02:00]}
{[%emt 00:01:06]} 24. Nxg7+ {[%clk 00:08:05]} {[%emt 00:00:10]} Kf8 {[%clk
00:02:04]} {[%emt 00:00:02]} 25. Nf5 {[%clk 00:08:08]} {[%emt 00:00:02]} f6
{[%clk 00:00:45]} {[%emt 00:01:24]} 26. Nxe7 {[%clk 00:08:04]} {[%emt
00:00:09]} Kxe7 {[%clk 00:00:47]} {[%emt 00:00:03]} 27. gxf6+ {[%clk 00:08:02]}
{[%emt 00:00:07]} Nxf6 {[%clk 00:00:48]} {[%emt 00:00:05]} 28. Rg7+ {[%clk
00:08:01]} {[%emt 00:00:04]} Ke6 {[%clk 00:00:47]} {[%emt 00:00:06]} 29. Bg5
{[%clk 00:07:55]} {[%emt 00:00:11]} Rhf8 {[%clk 00:00:28]} {[%emt 00:00:25]} 30.
Bxf6 {[%clk 00:07:48]} {[%emt 00:00:12]} Rxf6 {[%clk 00:00:30]} {[%emt
00:00:03]} 31. Re1+ {[%clk 00:07:52]} {[%emt 00:00:01]} Kd5 {[%clk 00:00:28]}
{[%emt 00:00:08]} 32. Rg5+ {[%clk 00:07:55]} {[%emt 00:00:01]} Kd6 {[%clk
00:00:09]} {[%emt 00:00:24]} 33. Qxf6+ {[%clk 00:07:58]} {[%emt 00:00:02]} 1-0